| 000 | 00358 a2200157 4500 | ||
|---|---|---|---|
| 001 | 156594 | ||
| 020 | _a9788563877871 | ||
| 040 | _cEscola São Tomás de Aquino | ||
| 100 | _aPESSÔA, Augusto | ||
| 240 | 1 | 0 |
_aHistórias do Bartô _lpor |
| 245 | 1 | 0 | _aHistórias do Bartô |
| 300 | _a64 | ||
| 362 | 0 | _a2013 | |
| 697 | _a*LITERATURA JUVENIL | ||
| 942 | _cBK | ||
| 999 |
_c156594 _d156594 |
||